top 10 des capitales européennes aux transports les plus respectueux - Statistiques

Statistiques générales
  • Ce quiz a été pris 68 fois
  • Le résultat moyen est 7 sur 10
Statistiques - réponses
Place Ville % Correct
6 Paris
98%
4 Berlin
91%
1 Londres
91%
2 Amsterdam
80%
7 Oslo
80%
9 Bruxelles
77%
3 Vienne
68%
5 Helsinki
62%
10 Luxembourg
46%
8 Andorre
23%
Aucun quiz correspondant
Distribution des résultats
% des personnes avec chaque résultat
Percentile par nombre de réponses
Votre historique - résultats
Vous n’avez pas pris ce quiz